000 01138nam a2200277 i 4500
005 20250604123146.0
008 250601s2023 ii a br 000 1 tam d
020 _a9788119063031
_cRM25.20
_qpaperback
040 _aPPAK
_beng
_cPPAK
_erda
082 0 4 _223
_a894.8113
090 0 0 _a894.8113
_bSUK
_dK
100 1 _aSukumāran, Pi Vi,
_eauthor.
245 1 0 _6880-02
_aMīḷum nir̲aṅkaḷ =
_bRecovering colors /
_cAuthors: Pi Vi Sukumāran ; Translator: Yūmā Vācuki ; Illustrator: K. Chokkalingam
250 _aMutal patippu
264 1 _aPārati Puttakālayattin̲ ōr aṅkam, Cen̲n̲ai :
_bIḷaiyōr Ilakkiyam,
_c2023
300 _a87 pages :
_billustrations (black and white) ;
_c22 cm
336 _atext
_2rdacontent
337 _aunmediated
_2rdamedia
338 _avolume
_2rdacarrier
650 1 0 _aChildren's stories
_xTranslations into Tamil
650 2 0 _aMalayalam fiction
_xTranslations into Tamil
700 1 _aVācuki, Yūmā,
_etranslator.
700 1 _aChokkalingam, K.,
_eillustrator.
880 1 0 _6245-02/$1
_aமீளும் நிறங்கள்
942 _2ddc
_cB
999 _c199701
_d199701